<?xml version="1.0" encoding="UTF-8"?>
<record
    xmlns:xsi="http://www.w3.org/2001/XMLSchema-instance"
    xsi:schemaLocation="http://www.loc.gov/MARC21/slim http://www.loc.gov/standards/marcxml/schema/MARC21slim.xsd"
    xmlns="http://www.loc.gov/MARC21/slim">

  <leader>00807nam a22002177a 4500</leader>
  <controlfield tag="005">20240530110335.0</controlfield>
  <controlfield tag="008">140907s2004    ua     g      000 0 ara d</controlfield>
  <datafield tag="017" ind1=" " ind2=" ">
    <subfield code="a">8211/2004</subfield>
  </datafield>
  <datafield tag="020" ind1=" " ind2=" ">
    <subfield code="a">977305733x</subfield>
  </datafield>
  <datafield tag="040" ind1=" " ind2=" ">
    <subfield code="a">EG-CaGPL</subfield>
  </datafield>
  <datafield tag="082" ind1="0" ind2="4">
    <subfield code="2">21</subfield>
    <subfield code="a">&#x627;069.150962</subfield>
    <subfield code="b">&#x637;/&#x623; &#x643;</subfield>
  </datafield>
  <datafield tag="100" ind1="0" ind2=" ">
    <subfield code="a">&#x627;&#x646;&#x62C;&#x64A; &#x641;&#x627;&#x64A;&#x62F; </subfield>
    <subfield code="e">&#x645;&#x639;&#x62F;</subfield>
  </datafield>
  <datafield tag="245" ind1="1" ind2="0">
    <subfield code="a">&#x643;&#x62A;&#x627;&#x644;&#x648;&#x62C; &#x627;&#x644;&#x645;&#x62A;&#x62D;&#x641; &#x627;&#x644;&#x645;&#x635;&#x631;&#x649; &#x644;&#x644;&#x627;&#x637;&#x641;&#x627;&#x644; :</subfield>
    <subfield code="b">&#x645;&#x646; &#x627;&#x644;&#x637;&#x641;&#x644; &#x627;&#x644;&#x649; &#x627;&#x644;&#x637;&#x641;&#x644; /</subfield>
    <subfield code="c">&#x627;&#x646;&#x62C;&#x64A; &#x641;&#x627;&#x64A;&#x62F; </subfield>
  </datafield>
  <datafield tag="260" ind1=" " ind2=" ">
    <subfield code="a">&#x627;&#x644;&#x642;&#x627;&#x647;&#x631;&#x647; :</subfield>
    <subfield code="b">&#x627;&#x644;&#x645;&#x62C;&#x644;&#x633; &#x627;&#x644;&#x627;&#x639;&#x644;&#x64A; &#x644;&#x644;&#x627;&#x62B;&#x627;&#x631; &#x60C;</subfield>
    <subfield code="c">2004</subfield>
  </datafield>
  <datafield tag="300" ind1=" " ind2=" ">
    <subfield code="a">53&#x635; &#x60C;</subfield>
    <subfield code="b">&#x627;&#x64A;&#x636; &#x635;&#x648;&#x631; &#x644;&#x648; &#x61B;</subfield>
    <subfield code="c">24 &#x633;&#x645; </subfield>
  </datafield>
  <datafield tag="490" ind1=" " ind2=" ">
    <subfield code="a">&#x633;&#x644;&#x633;&#x647; &#x627;&#x644;&#x62B;&#x642;&#x627;&#x641;&#x647; &#x627;&#x644;&#x627;&#x62B;&#x631;&#x64A;&#x647; &#x627;&#x639;&#x631;&#x641; &#x62D;&#x636;&#x627;&#x631;&#x647; &#x628;&#x644;&#x62F;&#x643; </subfield>
    <subfield code="v">4</subfield>
  </datafield>
  <datafield tag="650" ind1="0" ind2="7">
    <subfield code="a">&#x627;&#x644;&#x645;&#x62A;&#x62D;&#x641; &#x627;&#x644;&#x645;&#x635;&#x631;&#x649;</subfield>
  </datafield>
  <datafield tag="650" ind1="0" ind2="7">
    <subfield code="a">&#x642;&#x635;&#x635; &#x627;&#x644;&#x627;&#x637;&#x641;&#x627;&#x644; </subfield>
  </datafield>
  <datafield tag="700" ind1="0" ind2=" ">
    <subfield code="a">&#x632;&#x627;&#x647;&#x64A; &#x62D;&#x648;&#x627;&#x633; </subfield>
    <subfield code="e">&#x645;&#x634;&#x631;&#x641;</subfield>
  </datafield>
  <datafield tag="942" ind1=" " ind2=" ">
    <subfield code="2">ddc</subfield>
    <subfield code="c">BK</subfield>
  </datafield>
  <datafield tag="999" ind1=" " ind2=" ">
    <subfield code="c">59779</subfield>
    <subfield code="d">59779</subfield>
  </datafield>
  <datafield tag="952" ind1=" " ind2=" ">
    <subfield code="0">0</subfield>
    <subfield code="1">0</subfield>
    <subfield code="4">0</subfield>
    <subfield code="7">0</subfield>
    <subfield code="a">CAI</subfield>
    <subfield code="b">CAI</subfield>
    <subfield code="d">2014-09-07</subfield>
    <subfield code="l">0</subfield>
    <subfield code="o">&#x627;069.150962 &#x637;/&#x627; &#x643;</subfield>
    <subfield code="p">158702</subfield>
    <subfield code="r">2014-09-07 00:00:00</subfield>
    <subfield code="w">2014-09-07</subfield>
    <subfield code="y">BK</subfield>
  </datafield>
</record>
